000 00448nam a2200157 i 4500
001 95629
003 ES-MaACL
005 20230906181738.0
007 t|
008 050601s1960 sp ||||1| spa d
100 1 _aLlorens, Peregrin-Luis.
_972882
245 1 0 _aInés de Moncada /
_cPeregrin-Luis Llorens.
260 _aValencia :
_b[s.n.],
_c1960 (
_fImp. Vivas Mora)
300 _a85 p., 8 lám. ;
_c24 cm.
852 _aES-MaACL
_jC-20780
_bR.47044
999 _c95629
_d95629